Midwifery for nurses includes all important procedures as per INC syllabus (vol 1)
Guardat en:
| Autor principal: | |
|---|---|
| Format: | Llibre |
| Idioma: | anglès |
| Publicat: |
CBS Publishers
2019
|
| Etiquetes: |
Afegir etiqueta
Sense etiquetes, Sigues el primer a etiquetar aquest registre!
|
MARC
| LEADER | 00000nam a22000007a 4500 | ||
|---|---|---|---|
| 008 | 240528b |||||||| |||| 00| 0 eng d | ||
| 020 | |a 9788123922140 | ||
| 100 | |a ELIZABETH, Marie | ||
| 245 | |a Midwifery for nurses |b includes all important procedures as per INC syllabus (vol 1) |c Marie Elizabeth |g xvi, 544p. | ||
| 260 | |b CBS Publishers |c 2019 |h New Delhi |i 701059 |i 701060 |l RG951.El4 |m Obstetrics |m Nurses | ||
| 500 | |a It includes references and index | ||
| 942 | |a lcc |c BK |e Adeyemo O.O |f 28/05/2024 | ||
| 952 | |0 0 |1 0 |2 lcc |4 0 |6 RG0951 E L4 |7 0 |9 5198 |a HE |b HOL |c QZ |d 2024-05-28 |l 0 |o RG951.El4 |p 2024-0444 |r 2024-05-28 00:00:00 |t 701059 |w 2024-05-28 |y BK | ||
| 952 | |0 0 |1 0 |2 lcc |4 0 |6 RG0951 E L4 |7 0 |9 5199 |a HOL |b HOL |c QZ |d 2024-05-28 |l 0 |o RG951.El4 |p 2024-0445 |r 2024-05-28 00:00:00 |t 701060 |w 2024-05-28 |y BK | ||
| 999 | |c 2582 |d 2582 | ||